2025 NFL starting Quarterbacks - Statistics

General Stats
  • This quiz has been taken 38 times
  • The average score is 29 of 32
Answer Stats
Hint Answer % Correct
Bengals Joe Burrow
100%
Broncos Bo Nix
97%
49ers Brock Purdy
97%
Bears Caleb Williams
97%
Cowboys Dak Prescott
97%
Eagles Jalen Hurts
97%
Bills Josh Allen
97%
Buccaners Baker Mayfield
94%
Lions Jared Goff
94%
Commanders Jayden Daniels
94%
Cardinals Kyler Murray
94%
Cheifs Patrick Mahomes
94%
Dolphins Tua Tagovailoa
94%
Steelers Aaron Rodgers
91%
Browns Joe Flacco
91%
Packers Jordan Love
91%
Chargers Justin Herbert
91%
Rams Matthew Stafford
91%
Jaguars Trevor Lawrence
91%
Panthers Bryce Young
89%
Texans C.J. Stroud
89%
Ravens Lamar Jackson
89%
Falcons Michael Penix Jr
89%
Giants Russell Wilson
89%
Seahawks Sam Darnold
89%
Colts Daniel Jones
86%
Patriots Drake Maye
86%
Vikings JJ McCarthy
86%
Jets Justin Fields
86%
Raiders Geno Smith
83%
Saints Spencer Rattler
77%
Titans Cam Ward
74%
No matching quizzes found
Score Distribution
Percent of People with Each Score
Percentile by Number Answered
Your Score History
You have not taken this quiz